मदहोश (Record no. 190401)

MARC details
000 -LEADER
fixed length control field 00349nam a2200145Ia 4500
008 - FIXED-LENGTH DATA ELEMENTS--GENERAL INFORMATION
fixed length control field 090124s9999 xx 000 0 und d
082 ## - DEWEY DECIMAL CLASSIFICATION NUMBER
Item number 300847
245 ## - TITLE STATEMENT
Title मदहोश
250 ## - EDITION STATEMENT
Edition statement 1
260 ## - PUBLICATION, DISTRIBUTION, ETC. (IMPRINT)
Name of publisher, distributor, etc काळे वैजयंती.
Date of publication, distribution, etc 1982
300 ## - PHYSICAL DESCRIPTION
Extent 235
630 ## - SUBJECT ADDED ENTRY--UNIFORM TITLE
Uniform title मदहोश
730 ## - ADDED ENTRY--UNIFORM TITLE
Uniform title मदहोश
942 ## - ADDED ENTRY ELEMENTS (KOHA)
Koha item type Book
Holdings
Withdrawn status Lost status Damaged status Not for loan Home library Current library Date acquired Cost, normal purchase price Total Checkouts Full call number Barcode Date last seen Cost, replacement price Price effective from Koha item type
        Marathi Granth Sangrahalaya,Thane Marathi Granth Sangrahalaya,Thane   32.00   300847 THNMGS-300847 01/24/2009 32.00 01/24/2009 Book